[Event "Vojvodina-chT"]
[Site "Kac"]
[Date "2016.11.19"]
[Round "7.4"]
[White "Mijatovic, Dejan"]
[Black "Vincilov, Dusan"]
[Result "1/2-1/2"]
[WhiteElo "2248"]
[BlackElo "2277"]
[PlyCount "158"]
[EventDate "2016.11.15"]
[EventType "team-tourn"]
[EventRounds "11"]
[EventCountry "SRB"]
[SourceTitle "CBM 175 Extra"]
[Source "ChessBase"]
[SourceDate "2016.12.12"]
[SourceVersion "1"]
[SourceVersionDate "2016.12.12"]
[SourceQuality "1"]
[WhiteTeam "Stara Pazova"]
[BlackTeam "Bilecanin"]
[WhiteTeamCountry "SRB"]
[BlackTeamCountry "SRB"]

1. d4 Nf6 2. Nf3 g6 3. g3 Bg7 4. Bg2 d6 5. 0-0 0-0 6. b3 c6 7. Bb2 Qc7 8. Nbd2 Nbd7 9. e4 e5 10. Re1 Re8 11. h3 a6 12. c4 h6 13. Qc2 c5 14. dxe5 dxe5 15. Nf1 b5 16. Ne3 Bb7 17. Nd5 Nxd5 18. cxd5 Rac8 19. Rac1 a5 20. Bf1 Qb6 21. a4 Ba6 22. axb5 Bxb5 23. Nd2 Bxf1 24. Rxf1 Rb8 25. Bc3 Ra8 26. Nc4 Qb8 27. Ra1 Ra6 28. Rxa5 Rxa5 29. Bxa5 Rc8 30. g4 Qb5 31. Ra1 Qa6 32. Bc3 Qb7 33. Na5 Qc7 34. Nc6 Qd6 35. b4 Qf6 36. bxc5 Qf3 37. Bb4 Qxh3 38. Qe2 Bf6 39. Ra3 Qh4 40. Ra7 Nb8 41. Na5 Kg7 42. c6 h5 43. g5 Bxg5 44. Qf3 Bf4 45. Nc4 Re8 46. Ne3 Qg5+ 47. Ng2 h4 48. Qh3 Rh8 49. Be7 Qh5 50. f3 Bg3 51. Qg4 Qxg4 52. fxg4 h3 53. Ne3 Bf2+ 54. Kf1 Bxe3 55. Ra8 Nxc6 56. Rxh8 Nxe7 57. Rd8 Bg5 58. Ra8 f5 59. gxf5 gxf5 60. Ra7 Kg6 61. Ra6+ Kf7 62. d6 Ng8 63. Ra7+ Ke6 64. Rg7 Kxd6 65. Rxg8 Bf4 66. exf5 Ke7 67. Rg6 h2 68. Kg2 Kf7 69. Re6 Kg7 70. Ra6 Kf7 71. Re6 Kf8 72. Ra6 Kf7 73. Rc6 Kf8 74. Re6 Kf7 75. Kh1 Kg7 76. Kg2 Kf7 77. Rxe5 Bxe5 78. f6 Kxf6 79. Kh1 Kg6 1/2-1/2

[Event "Vojvodina-chT"]
[Site "Kac"]
[Date "2016.11.19"]
[Round "6.4"]
[White "Vincilov, Dusan"]
[Black "Omorjan, Dejan"]
[Result "0-1"]
[WhiteElo "2277"]
[BlackElo "2235"]
[PlyCount "118"]
[EventDate "2016.11.15"]
[EventType "team-tourn"]
[EventRounds "11"]
[EventCountry "SRB"]
[SourceTitle "CBM 175 Extra"]
[Source "ChessBase"]
[SourceDate "2016.12.12"]
[SourceVersion "1"]
[SourceVersionDate "2016.12.12"]
[SourceQuality "1"]
[WhiteTeam "Bilecanin"]
[BlackTeam "Vojvodina"]
[WhiteTeamCountry "SRB"]
[BlackTeamCountry "SRB"]

1. d4 Nf6 2. Nf3 g6 3. e3 Bg7 4. Nbd2 0-0 5. Bd3 d6 6. Qe2 Nbd7 7. 0-0 e5 8. c3 Qe7 9. e4 c6 10. Re1 Re8 11. Nf1 Nf8 12. Ng3 Qc7 13. h3 Ne6 14. Qc2 Bd7 15. Be3 Rad8 16. Rad1 Bc8 17. Bf1 Nd7 18. Qd2 d5 19. exd5 cxd5 20. dxe5 Nxe5 21. Nd4 Nc4 22. Bxc4 dxc4 23. Nge2 Be5 24. Qc1 a6 25. Rf1 Nc5 26. Bh6 Nd3 27. Qd2 b5 28. Rb1 Bb7 29. b3 Ba8 30. bxc4 bxc4 31. f4 Bd6 32. Nc1 Nc5 33. Nce2 Ne4 34. Qe1 Bc5 35. Kh2 Qd7 36. Rd1 Qb7 37. Rg1 Be7 38. Rb1 Qd5 39. Rb2 Qh5 40. Bg5 Nxg5 41. fxg5 Bd6+ 42. g3 Qxg5 43. Qf2 Qe3 44. Rf1 Qxf2+ 45. Rxf2 Bc5 46. Rf6 Bxd4 47. Nxd4 Re1 48. g4 Rde8 49. Rxa6 Bd5 50. Rd6 Be4 51. Rdb6 h5 52. Rb8 Rxb8 53. Rxb8+ Kg7 54. Re8 h4 55. Rxe4 Rxe4 56. Kg2 Re3 57. a4 Rxc3 58. a5 Ra3 59. Nc6 c3 0-1

[Event "Vojvodina-chT"]
[Site "Kac"]
[Date "2016.11.16"]
[Round "2.3"]
[White "Vincilov, Dusan"]
[Black "Farkas, Tibor"]
[Result "0-1"]
[WhiteElo "2277"]
[BlackElo "2272"]
[PlyCount "86"]
[EventDate "2016.11.15"]
[EventType "team-tourn"]
[EventRounds "11"]
[EventCountry "SRB"]
[SourceTitle "CBM 175 Extra"]
[Source "ChessBase"]
[SourceDate "2016.12.12"]
[SourceVersion "1"]
[SourceVersionDate "2016.12.12"]
[SourceQuality "1"]
[WhiteTeam "Bilecanin"]
[BlackTeam "Backa Pacir"]
[WhiteTeamCountry "SRB"]
[BlackTeamCountry "SRB"]

1. d4 Nf6 2. Nf3 g6 3. e3 Bg7 4. Bd3 0-0 5. Nbd2 d6 6. 0-0 Nbd7 7. Qe2 e5 8. dxe5 dxe5 9. e4 Nh5 10. g3 Nc5 11. Bc4 Bh3 12. Rd1 Qf6 13. Nf1 Bg4 14. Kg2 Rad8 15. Rxd8 Rxd8 16. Ne3 Bxf3+ 17. Qxf3 Qxf3+ 18. Kxf3 Nf6 19. Nd5 Nfxe4 20. b4 Nd6 21. Bg5 e4+ 22. Ke2 Bxa1 23. Bxd8 Nxc4 24. bxc5 c6 25. Bf6 cxd5 26. Bxa1 f5 27. Bd4 a6 28. a4 Kf7 29. Kd1 g5 30. Ke2 h5 31. f3 f4 32. gxf4 gxf4 33. Bc3 Ke6 34. Bg7 Ne5 35. Bh6 exf3+ 36. Kf1 Kf5 37. Bg7 Ke4 38. Bxe5 Kxe5 39. Kf2 Ke4 40. h4 a5 41. Kf1 Ke3 42. Ke1 d4 43. Kf1 f2 0-1

[Event "Vojvodina-chT"]
[Site "Kac"]
[Date "2016.11.15"]
[Round "1.2"]
[White "Vincilov, Dusan"]
[Black "Stojanovic, Mihajlo"]
[Result "0-1"]
[WhiteElo "2277"]
[BlackElo "2503"]
[PlyCount "76"]
[EventDate "2016.11.15"]
[EventType "team-tourn"]
[EventRounds "11"]
[EventCountry "SRB"]
[SourceTitle "CBM 175 Extra"]
[Source "ChessBase"]
[SourceDate "2016.12.12"]
[SourceVersion "1"]
[SourceVersionDate "2016.12.12"]
[SourceQuality "1"]
[WhiteTeam "Bilecanin"]
[BlackTeam "Omladinac"]
[WhiteTeamCountry "SRB"]
[BlackTeamCountry "SRB"]

1. d4 d5 2. Nf3 c5 3. e3 Nf6 4. Nbd2 Nc6 5. c3 e6 6. Bd3 Bd6 7. 0-0 0-0 8. dxc5 Bxc5 9. e4 Qc7 10. Qe2 b6 11. e5 Ng4 12. Bxh7+ Kxh7 13. Ng5+ Kg8 14. Qxg4 Qxe5 15. Ndf3 Qf6 16. Qg3 e5 17. Nh3 Qe6 18. Re1 f6 19. Be3 Qg4 20. Rad1 Rd8 21. Bxc5 bxc5 22. Nd2 Bf5 23. f3 Qa4 24. Qf2 Qxa2 25. g4 Bc2 26. Rc1 Bg6 27. b3 d4 28. Ne4 Qxb3 29. Nxc5 Qd5 30. cxd4 Nxd4 31. Ne4 Rac8 32. Rxc8 Rxc8 33. Qe3 Nc2 34. Qc1 Qe6 35. Rf1 Bxe4 36. Rf2 Nd4 37. Qe3 Bxf3 38. Rxf3 Qxg4+ 0-1